[Event "Continental op"]
[Site "Las Vegas"]
[Date "2001.07.26"]
[Round "1"]
[White "Hummel, Patrick"]
[Black "MacKenzie, Dana N"]
[Result "1-0"]
[WhiteElo "2349"]
[BlackElo "2129"]
[PlyCount "103"]
[EventDate "2001.07.26"]
[EventType "swiss"]
[EventRounds "6"]
[EventCountry "USA"]
[SourceTitle "EXT 2002"]
[Source "ChessBase"]
[SourceDate "2001.11.25"]
[SourceVersion "1"]
[SourceVersionDate "2001.11.25"]
[SourceQuality "1"]

1. d4 Nf6 2. c4 e6 3. Nc3 Bb4 4. Qc2 Nc6 5. Nf3 d6 6. Bd2 e5 7. d5 Bxc3 8. Bxc3 Ne7 9. Nd2 0-0 10. g3 c6 11. e4 Ng6 12. Bg2 b5 13. dxc6 Qb6 14. Qb3 Ba6 15. Bf1 Ng4 16. 0-0-0 bxc4 17. Qxb6 axb6 18. Nxc4 Bxc4 19. Bxc4 Nxf2 20. Rhe1 Nxd1 21. Rxd1 Rfd8 22. Rf1 Ra7 23. b4 b5 24. Bxb5 Ne7 25. Rd1 Raa8 26. c7 Rdc8 27. Rxd6 Rxc7 28. Kb2 f6 29. Rd7 Rxd7 30. Bxd7 Kf7 31. a4 Ra7 32. Bb5 Ke6 33. Bd2 Nc8 34. Be3 Rc7 35. Bc5 Nd6 36. Bd3 f5 37. exf5+ Nxf5 38. a5 Ne7 39. a6 Nc8 40. Be4 Nd6 41. Bxd6 Kxd6 42. Bb7 Rf7 43. a7 Rxb7 44. a8Q Rxb4+ 45. Kc3 Rd4 46. Qf8+ Ke6 47. Qxg7 Rd7 48. Qg4+ Kd6 49. Kd3 Ke7+ 50. Ke3 Rc7 51. Qf5 Ke8 52. g4 1-0

[Event "Financial Concept op 6th"]
[Site "North Bay"]
[Date "1999.08.07"]
[Round "7"]
[White "Hummel, Patrick"]
[Black "Paragua, Mark"]
[Result "1/2-1/2"]
[WhiteElo "2330"]
[BlackElo "2268"]
[PlyCount "62"]
[EventDate "1999.08.04"]
[EventType "swiss"]
[EventRounds "9"]
[EventCountry "CAN"]
[SourceTitle "EXT 2000"]
[Source "ChessBase"]
[SourceDate "1999.11.16"]
[SourceVersion "1"]
[SourceVersionDate "1999.11.16"]
[SourceQuality "1"]

1. d4 c5 2. d5 Nf6 3. Nc3 d6 4. e4 g6 5. Be2 Na6 6. Nf3 Bg7 7. 0-0 Nc7 8. Nd2 0-0 9. a4 Rb8 10. Nc4 b6 11. Rb1 Bb7 12. Bf4 Qd7 13. Re1 Ba8 14. Qd2 a6 15. b4 cxb4 16. Rxb4 Nxe4 17. Nxe4 Nxd5 18. Rb3 Qf5 19. Bxd6 exd6 20. Nexd6 Qd7 21. Bf3 b5 22. axb5 axb5 23. Bxd5 Bxd5 24. Qxd5 bxc4 25. Rf3 Rbd8 26. Rd1 Rfe8 27. Nxe8 Qxd5 28. Rxd5 Rxd5 29. Kf1 Rd2 30. Nxg7 Kxg7 31. Rc3 Rd4 1/2-1/2

[Event "Financial Concept op 6th"]
[Site "North Bay"]
[Date "1999.08.06"]
[Round "6"]
[White "Chatzilias, Alexis"]
[Black "Hummel, Patrick"]
[Result "0-1"]
[WhiteElo "2046"]
[BlackElo "2330"]
[PlyCount "64"]
[EventDate "1999.08.04"]
[EventType "swiss"]
[EventRounds "9"]
[EventCountry "CAN"]
[SourceTitle "EXT 2000"]
[Source "ChessBase"]
[SourceDate "1999.11.16"]
[SourceVersion "1"]
[SourceVersionDate "1999.11.16"]
[SourceQuality "1"]

1. d4 Nf6 2. c4 g6 3. Nc3 Bg7 4. e4 d6 5. Be2 0-0 6. Nf3 e5 7. 0-0 Nc6 8. d5 Ne7 9. Bg5 h6 10. Bxf6 Bxf6 11. b4 Kg7 12. Nd2 Ng8 13. c5 Be7 14. c6 bxc6 15. dxc6 f5 16. Bc4 Bg5 17. a4 Nf6 18. Ra2 Bxd2 19. Rxd2 Nxe4 20. Nxe4 fxe4 21. Bd5 Qg5 22. Bxe4 Rf4 23. f3 Be6 24. b5 Raf8 25. Bd5 Bxd5 26. Rxd5 Rb4 27. a5 Rb2 28. Rf2 Qe3 29. Qf1 Rf4 30. Rd3 Qc5 31. g3 Rc4 32. Kg2 Rcc2 0-1

[Event "Arthur Dake Int"]
[Site "San Francisco"]
[Date "1999.07.18"]
[Round "7"]
[White "Lobo, Richard"]
[Black "Hummel, Patrick"]
[Result "1/2-1/2"]
[WhiteElo "2310"]
[BlackElo "2330"]
[PlyCount "100"]
[EventDate "1999.07.11"]
[EventType "tourn"]
[EventRounds "9"]
[EventCountry "USA"]
[EventCategory "4"]
[SourceTitle "CBM 071 Extra"]
[Source "ChessBase"]
[SourceDate "1999.09.14"]
[SourceVersion "1"]
[SourceVersionDate "1999.09.14"]
[SourceQuality "1"]

1. d4 Nf6 2. c4 g6 3. Nc3 Bg7 4. Nf3 0-0 5. Bf4 d6 6. e3 Nbd7 7. h3 c5 8. Be2 a6 9. 0-0 cxd4 10. exd4 d5 11. c5 Nb8 12. Na4 Nfd7 13. Rc1 Nc6 14. Qd2 Re8 15. Rfe1 f6 16. Red1 Kh8 17. a3 Qa5 18. Qc2 e5 19. b4 Qd8 20. dxe5 fxe5 21. Bg5 Bf6 22. Bxf6+ Nxf6 23. Nb6 Rb8 24. Qb2 d4 25. a4 Qc7 26. b5 axb5 27. axb5 Nd8 28. Nc4 Nf7 29. b6 Qe7 30. c6 bxc6 31. Na5 Bd7 32. Nxc6 Bxc6 33. Rxc6 Nd5 34. Bc4 Qd7 35. Nxd4 Nxb6 36. Rxb6 Rxb6 37. Qxb6 exd4 38. Rxd4 Qe7 39. Rd1 Rc8 40. Ba6 Rc7 41. Bf1 Kg7 42. g3 g5 43. Qa5 h6 44. Re1 Qc5 45. Qd2 Qc3 46. Qe2 Rc5 47. Rd1 Re5 48. Qc4 Qxc4 49. Bxc4 Re7 50. Bxf7 Rxf7 1/2-1/2

[Event "CCA ChessWise op"]
[Site "Stratton Mountain"]
[Date "1999.06.11"]
[Round "1"]
[White "Yermolinsky, Alex"]
[Black "Hummel, Patrick"]
[Result "1-0"]
[WhiteElo "2597"]
[BlackElo "2270"]
[PlyCount "73"]
[EventDate "1999.06.??"]
[EventType "swiss"]
[EventRounds "9"]
[EventCountry "USA"]
[SourceTitle "EXT 2000"]
[Source "ChessBase"]
[SourceDate "1999.11.16"]
[SourceVersion "1"]
[SourceVersionDate "1999.11.16"]
[SourceQuality "1"]

1. d4 Nf6 2. c4 g6 3. Nc3 Bg7 4. e4 d6 5. Bd3 0-0 6. Nge2 c5 7. d5 e6 8. 0-0 exd5 9. cxd5 Na6 10. Ng3 Nc7 11. h3 Rb8 12. a4 a6 13. a5 b5 14. axb6 Rxb6 15. Ra2 Nb5 16. Nxb5 axb5 17. Bg5 Qc7 18. Qd2 c4 19. Rc1 Nd7 20. b4 Rb8 21. Bh6 Nb6 22. Bxg7 Kxg7 23. Bc2 Bd7 24. Nh5+ gxh5 25. Qg5+ Kh8 26. Qf6+ Kg8 27. Ra3 h4 28. Qxh4 Qd8 29. Qh6 Kh8 30. Rg3 Rg8 31. e5 Rg6 32. Bxg6 fxg6 33. Rxg6 Qf8 34. Qxf8+ Rxf8 35. Rxd6 Rb8 36. g4 Kg7 37. f4 1-0

[Event "San Francisco schev 2nd"]
[Site "San Francisco"]
[Date "1999.03.30"]
[Round "6"]
[White "Hummel, Patrick"]
[Black "Rey, Guillermo"]
[Result "0-1"]
[WhiteElo "2270"]
[BlackElo "2346"]
[PlyCount "40"]
[EventDate "1999.03.26"]
[EventType "schev"]
[EventRounds "9"]
[EventCountry "USA"]
[SourceTitle "CBM 069 Extra"]
[Source "ChessBase"]
[SourceDate "1999.05.10"]
[SourceVersion "1"]
[SourceVersionDate "1999.05.10"]
[SourceQuality "1"]

1. d4 g6 2. c4 Bg7 3. e4 c5 4. d5 d6 5. Nc3 Nf6 6. Nf3 0-0 7. Be2 e6 8. Nd2 Re8 9. 0-0 Na6 10. Re1 Nc7 11. h3 h6 12. Qc2 Rb8 13. a4 a6 14. b3 b5 15. axb5 axb5 16. dxe6 Nxe6 17. Nxb5 Nxe4 18. Bb2 Bxb2 19. Qxb2 Nf4 20. Bf1 Nxh3+ 0-1

[Event "San Francisco schev 2nd"]
[Site "San Francisco"]
[Date "1999.03.26"]
[Round "1"]
[White "Margulis, Igor"]
[Black "Hummel, Patrick"]
[Result "0-1"]
[WhiteElo "2270"]
[BlackElo "2270"]
[PlyCount "60"]
[EventDate "1999.03.26"]
[EventType "schev"]
[EventRounds "9"]
[EventCountry "USA"]
[SourceTitle "CBM 069 Extra"]
[Source "ChessBase"]
[SourceDate "1999.05.10"]
[SourceVersion "1"]
[SourceVersionDate "1999.05.10"]
[SourceQuality "1"]

1. e4 e6 2. Qe2 c5 3. g3 Nc6 4. Bg2 g6 5. f4 Bg7 6. Nf3 Nge7 7. 0-0 0-0 8. d3 b5 9. e5 d6 10. Be3 Bb7 11. Nbd2 dxe5 12. Nxe5 Nd4 13. Bxd4 Qxd4+ 14. Kh1 Bxg2+ 15. Kxg2 Qxb2 16. Ndf3 Nd5 17. Kh1 Nc3 18. Qg2 Rac8 19. Rfe1 Rc7 20. h4 h5 21. Ng5 Re8 22. g4 Nd5 23. Nxg6 fxg6 24. Nxe6 Rd7 25. Nxc5 Rxe1+ 26. Rxe1 Qb4 27. Re8+ Kf7 28. Nxd7 Kxe8 29. Qxd5 Qe1+ 30. Kg2 Qe2+ 0-1

[Event "North Bay op"]
[Site "North Bay"]
[Date "1998.08.08"]
[Round "8"]
[White "Hummel, Patrick"]
[Black "Day, Lawrence A"]
[Result "1/2-1/2"]
[WhiteElo "2240"]
[BlackElo "2355"]
[PlyCount "101"]
[EventDate "1998.08.??"]
[EventType "swiss"]
[EventRounds "9"]
[EventCountry "CAN"]
[SourceTitle "EXT 1999"]
[Source "ChessBase"]
[SourceDate "1998.11.16"]
[SourceVersion "1"]
[SourceVersionDate "1998.11.16"]
[SourceQuality "1"]

1. d4 Nf6 2. c4 d6 3. Nc3 Bf5 4. f3 e5 5. e4 exd4 6. Qxd4 Nc6 7. Qd2 Be6 8. b3 Be7 9. Nge2 0-0 10. Nf4 Nd7 11. Be2 Bg5 12. 0-0 Nce5 13. Qc2 Bxf4 14. Bxf4 f5 15. Qd2 Qe8 16. Rfe1 Ng6 17. Be3 f4 18. Bf2 a6 19. b4 Qf7 20. c5 dxc5 21. bxc5 Nde5 22. Qb2 Rab8 23. Red1 c6 24. Na4 Qe7 25. Nb6 Rfd8 26. Bd4 Qg5 27. Kh1 Re8 28. Rd2 Re7 29. Rad1 Rbe8 30. Bf2 Qf6 31. Rd6 Ng4 32. Qxf6 Nxf2+ 33. Kg1 Nh3+ 34. gxh3 gxf6 35. Bc4 Ne5 36. Bxe6+ Rxe6 37. Kf2 Kf7 38. R6d4 Rg8 39. Nc4 Nxc4 40. Rxc4 Rg5 41. h4 Rh5 42. Kg2 Ree5 43. Rd7+ Kg6 44. Rb4 Rxh4 45. Rbxb7 h6 46. Rg7+ Kh5 47. Rbf7 Rxc5 48. Rxf6 Rc2+ 49. Kg1 Rc1+ 50. Kg2 Rc2+ 51. Kg1 1/2-1/2

[Event "US Masters op"]
[Site "Hawaii"]
[Date "1998.07.27"]
[Round "7"]
[White "Martinovsky, Eugene Simeon"]
[Black "Hummel, Patrick"]
[Result "0-1"]
[WhiteElo "2365"]
[BlackElo "2240"]
[PlyCount "92"]
[EventDate "1998.07.??"]
[EventType "swiss"]
[EventRounds "9"]
[EventCountry "USA"]
[SourceTitle "EXT 1999"]
[Source "ChessBase"]
[SourceDate "1998.11.16"]
[SourceVersion "1"]
[SourceVersionDate "1998.11.16"]
[SourceQuality "1"]

1. d4 Nf6 2. Nf3 c5 3. e3 g6 4. b3 Bg7 5. Bb2 0-0 6. dxc5 Qa5+ 7. Nbd2 Qxc5 8. Be2 d6 9. 0-0 Qc7 10. c4 Nc6 11. Nd4 a6 12. Rc1 Bd7 13. f3 Rfc8 14. Kh1 Qb8 15. Nxc6 bxc6 16. c5 Nd5 17. Bxg7 Nxe3 18. Qe1 Nxf1 19. Bxf1 Kxg7 20. Qxe7 dxc5 21. Qxc5 Re8 22. Qd4+ Qe5 23. Qxd7 Rad8 24. Qxc6 Rxd2 25. Qxa6 Qb2 26. Qc6 Red8 27. Qc3+ Qxc3 28. Rxc3 Rxa2 29. Rc1 Rb2 30. Bc4 Rdd2 31. Rg1 f5 32. h3 f4 33. Kh2 Kf6 34. Kh1 Kg5 35. Bg8 Rd8 36. Bc4 Kh4 37. Ra1 Kg3 38. Bf1 Rxb3 39. Kg1 Rd2 40. Ra5 Rb1 41. Rg5+ Kh4 42. Rg4+ Kh5 43. Kh2 Rxf1 44. Rxf4 Kg5 45. Rg4+ Kf5 46. Ra4 Rff2 0-1

[Event "US Masters op"]
[Site "Hawaii"]
[Date "1998.07.26"]
[Round "6"]
[White "Hummel, Patrick"]
[Black "Shipman, Lewis A"]
[Result "1-0"]
[WhiteElo "2240"]
[BlackElo "2125"]
[PlyCount "49"]
[EventDate "1998.07.??"]
[EventType "swiss"]
[EventRounds "9"]
[EventCountry "USA"]
[SourceTitle "EXT 1999"]
[Source "ChessBase"]
[SourceDate "1998.11.16"]
[SourceVersion "1"]
[SourceVersionDate "1998.11.16"]
[SourceQuality "1"]

1. d4 g6 2. c4 Bg7 3. e4 d6 4. Nc3 Nf6 5. Nf3 0-0 6. Be2 a5 7. 0-0 Na6 8. b3 c5 9. d5 e5 10. dxe6 fxe6 11. e5 Ne8 12. Bg5 Qd7 13. Qd2 dxe5 14. Rad1 Qc6 15. Bd3 Nec7 16. Rfe1 Qe8 17. Be4 Rb8 18. Qd6 Rf7 19. Nxe5 Bxe5 20. Qxe5 Bd7 21. Re3 b5 22. h4 b4 23. h5 Rf5 24. Bxf5 exf5 25. Qf6 1-0

[Event "Memorial Day Classic"]
[Site "Los Angeles"]
[Date "1998.05.23"]
[Round "2"]
[White "Peters, Jack"]
[Black "Hummel, Patrick"]
[Result "1-0"]
[WhiteElo "2470"]
[BlackElo "2225"]
[PlyCount "37"]
[EventDate "1998.??.??"]
[EventType "swiss"]
[EventRounds "6"]
[EventCountry "USA"]
[SourceTitle "EXT 1999"]
[Source "ChessBase"]
[SourceDate "1998.11.16"]
[SourceVersion "1"]
[SourceVersionDate "1998.11.16"]
[SourceQuality "1"]

1. e4 e6 2. d4 d5 3. Nd2 Nf6 4. e5 Nfd7 5. f4 c5 6. Ndf3 Nc6 7. c3 Qb6 8. g3 cxd4 9. cxd4 Bb4+ 10. Kf2 g5 11. Be3 f6 12. Ne2 gxf4 13. gxf4 fxe5 14. fxe5 Rf8 15. Rg1 Qd8 16. Nf4 Nb6 17. Ng5 Nc4 18. Qh5+ Kd7 19. Ngxe6 1-0

[Event "Wch U14"]
[Site "Oropesa del Mar"]
[Date "1998.??.??"]
[Round "7"]
[White "Bu, Xiangzhi"]
[Black "Hummel, Patrick"]
[Result "1-0"]
[WhiteElo "2290"]
[BlackElo "2240"]
[PlyCount "81"]
[EventDate "1998.10.25"]
[EventType "swiss"]
[EventRounds "11"]
[EventCountry "ESP"]
[SourceTitle "EXT 2000"]
[Source "ChessBase"]
[SourceDate "1999.11.16"]
[SourceVersion "1"]
[SourceVersionDate "1999.11.16"]
[SourceQuality "1"]

1. Nf3 Nf6 2. d4 g6 3. c4 c5 4. Nc3 cxd4 5. Nxd4 Nc6 6. Nc2 Bg7 7. g3 0-0 8. Bg2 d6 9. 0-0 Bd7 10. e4 a6 11. Qe2 Rb8 12. Rb1 Ne5 13. f4 Bg4 14. Qf2 Nxc4 15. b3 Na5 16. f5 Nxe4 17. Nxe4 Bxf5 18. Be3 Nc6 19. Rbd1 Qc8 20. Bb6 Bh3 21. Ne3 Bxg2 22. Qxg2 h6 23. g4 Qe6 24. Ng3 Rbc8 25. Rfe1 Ne5 26. h3 Rc6 27. Bd4 Rfc8 28. Kh1 b5 29. Re2 Kf8 30. Ree1 Qd7 31. Rg1 e6 32. Ne4 d5 33. g5 Qe7 34. gxh6 Bxh6 35. Bxe5 Bxe3 36. Rge1 Bh6 37. Nf6 Qb4 38. Qg3 Bg7 39. Rd4 Qa3 40. Nh7+ Kg8 41. Bxg7 1-0

[Event "US Masters op"]
[Site "Hawaii"]
[Date "1998.??.??"]
[Round "3"]
[White "Hummel, Patrick"]
[Black "Stevens, Lawrence"]
[Result "1-0"]
[WhiteElo "2225"]
[BlackElo "2240"]
[PlyCount "59"]
[EventDate "1998.07.??"]
[EventType "swiss"]
[EventRounds "9"]
[EventCountry "USA"]
[SourceTitle "EXT 1999"]
[Source "ChessBase"]
[SourceDate "1998.11.16"]
[SourceVersion "1"]
[SourceVersionDate "1998.11.16"]
[SourceQuality "1"]

1. d4 d5 2. c4 dxc4 3. Nf3 Nf6 4. e3 Bg4 5. Bxc4 e6 6. 0-0 Nbd7 7. h3 Bh5 8. Nc3 Bd6 9. e4 e5 10. g4 Bg6 11. dxe5 Nxe5 12. Nxe5 Bxe5 13. f4 Qd4+ 14. Qxd4 Bxd4+ 15. Kh2 Bxc3 16. bxc3 Bxe4 17. g5 Bd5 18. Re1+ Kf8 19. Ba3+ Kg8 20. gxf6 Bxc4 21. Re7 h5 22. Rxc7 b5 23. Bc5 gxf6 24. a4 Kh7 25. axb5 Kg6 26. Bd4 Bxb5 27. Rg1+ Kh6 28. Rxf7 Rhf8 29. Rfg7 Bd3 30. f5 1-0

[Event "Wch U14"]
[Site "Oropesa del Mar"]
[Date "1998.??.??"]
[Round "11"]
[White "Jeremic, Veljko"]
[Black "Hummel, Patrick"]
[Result "1-0"]
[WhiteElo "2120"]
[BlackElo "2240"]
[PlyCount "38"]
[EventDate "1998.10.25"]
[EventType "swiss"]
[EventRounds "11"]
[EventCountry "ESP"]
[SourceTitle "EXT 2000"]
[Source "ChessBase"]
[SourceDate "1999.11.16"]
[SourceVersion "1"]
[SourceVersionDate "1999.11.16"]
[SourceQuality "1"]

1. c4 g6 2. Nc3 Bg7 3. d4 c5 4. Nf3 cxd4 5. Nxd4 Nc6 6. Nc2 Bxc3+ 7. bxc3 Qa5 8. Bd2 Nf6 9. f3 d6 10. e4 Be6 11. Ne3 Rc8 12. Be2 Ne5 13. Qb3 Nfd7 14. f4 Nc5 15. Qc2 Nc6 16. 0-0-0 Qa4 17. Qb1 Na5 18. f5 Bxc4 19. Nxc4 Nxc4 1-0

[Event "Wch U14"]
[Site "Oropesa del Mar"]
[Date "1998.??.??"]
[Round "3"]
[White "Raev, Rostislav"]
[Black "Hummel, Patrick"]
[Result "0-1"]
[WhiteElo "2020"]
[BlackElo "2240"]
[PlyCount "62"]
[EventDate "1998.10.25"]
[EventType "swiss"]
[EventRounds "11"]
[EventCountry "ESP"]
[SourceTitle "EXT 2000"]
[Source "ChessBase"]
[SourceDate "1999.11.16"]
[SourceVersion "1"]
[SourceVersionDate "1999.11.16"]
[SourceQuality "1"]

1. d4 Nf6 2. Nf3 g6 3. Bf4 Bg7 4. e3 d6 5. h3 0-0 6. Be2 c5 7. c3 Be6 8. 0-0 Qb6 9. Qc1 Nc6 10. Nbd2 cxd4 11. exd4 Rac8 12. Rd1 Na5 13. Ng5 Bd5 14. Be3 Qc6 15. Ngf3 Rfe8 16. Ne1 Nc4 17. Nxc4 Bxc4 18. Bxc4 Qxc4 19. Nf3 b5 20. a3 a5 21. Re1 Nd5 22. Bh6 b4 23. Bxg7 Kxg7 24. axb4 axb4 25. Qg5 h6 26. Qg4 Qb3 27. cxb4 Qxb4 28. Re2 e6 29. Rae1 Rc4 30. Qg3 Rec8 31. Nh2 Rc2 0-1